| 000 | 00000nam##2200000za#4500 |
| 001 | 9.587737 |
| 003 | CaOODSP |
| 005 | 20210624194759 |
| 007 | cr ||||||||||| |
| 008 | 150406|2007||||xxc|||||o f|0| 0 eng|d |
| 022 | |a1701-1280 |
| 040 | |aCaOODSP|beng |
| 041 | |aeng |
| 041 | |afre |
| 043 | |an-cn--- |
| 086 | 1 |aFs70-4/2007-055-PDF |
| 110 | 1 |aCanada. |bDepartment of Fisheries and Oceans. |
| 245 | 10|aRecovery potential assessment under SARA for northern bottlenose whale (Scotian Shelf population), north Atlantic right whale, northern fur seal, and sea otter, identified as "At Risk" by COSEWIC : |h[electronic resource]|bFebruary 19-23, 2007, Fairmont the Queen Elizabeth Hotel, Montreal, Quebec / |c[by] Patrice Simon. |
| 260 | |aOttawa - Ontario : |bFisheries and Oceans Canada |cAugust 2008. |
| 300 | |a64p. |
| 490 | 1 |aCanadian Science Advisory Secretariat proceedings series|x1701-1280|v2007/055 |
| 590 | |a11-32-Supp|b2011-12-20 |
| 720 | 1 |aSimon, Patrice |
| 792 | |tÉvaluation du potentiel de rétablissement en vertu de la LEP de la baleine à bec commune (population du Plateau néo-écossais), de la baleine noire de l'Atlantique Nord, de l'otarie à fourrure du Nord et de la loutre de mer, espèces désignées comme étant « en péril » par le COSEPAC : |efre|w(CaOODSP)9.587738 |
| 830 | #0|aProceedings series (Canadian Science Advisory Secretariat)|x1701-1280|v2007/055|w(CaOODSP)9.500507 |
| 856 | 40|ahttp://publications.gc.ca|qPDF|s432 KB|uhttps://publications.gc.ca/collections/collection_2011/mpo-dfo/Fs70-4-2007-055.pdf|y2007/055 |